Налоговое планирование в системе финансового менеджмента; Энергия молодых - экономике России; Ч. 2

Библиографические подробности
Источник:Энергия молодых - экономике России=Energy of Youth for Russian Economy: сборник научных трудов XIII Международной научно-практической конференции студентов и молодых ученых, г. Томск, 16-19 апреля 2012 г./ Национальный исследовательский Томский политехнический университет (ТПУ) ; Вольное экономическое общество России ; Международный союз экономистов (МСЭ) ; ред. коллегия В. В. Еремин ; Ю. С. Нехорошев ; Г. А. Барышева ; И. Е. Никулина ; Т. Б. Варлачева ; И. В. Кащук ; Е. Ю. Маталасова.— , 2012
Ч. 2.— 2012.— [С. 94-95]
Главный автор: Ковальчук Т. В.
Другие авторы: Спицын В. В. Владислав Владимирович (научный руководитель)
Примечания:Заглавие с титульного экрана
Язык:русский
Опубликовано: 2012
Серии:Менеджмент XXI века
Предметы:
Online-ссылка:http://www.lib.tpu.ru/fulltext/c/2012/C23/V2/038.pdf
Формат: Электронный ресурс Статья
Запись в KOHA:https://koha.lib.tpu.ru/cgi-bin/koha/opac-detail.pl?biblionumber=238388

MARC

LEADER 00000nla2a2200000 4500
001 238388
005 20231031205130.0
035 |a (RuTPU)RU\TPU\book\259576 
035 |a RU\TPU\book\259567 
090 |a 238388 
100 |a 20130524d2012 k y0rusy50 ca 
101 0 |a rus 
102 |a RU 
105 |a y z 101zy 
135 |a drcn ---uucaa 
181 0 |a i  
182 0 |a b 
200 1 |a Налоговое планирование в системе финансового менеджмента  |b Электронный ресурс  |f Т. В. Ковальчук  |g науч. рук. В. В. Спицын 
203 |a Текст  |c электронный 
225 1 |a Менеджмент XXI века 
230 |a 1 компьютерный файл (pdf; 196 Kb) 
300 |a Заглавие с титульного экрана 
320 |a [Библиогр.: с. 95 (5 назв.)] 
337 |a Adobe Reader 
461 1 |0 (RuTPU)RU\TPU\book\258397  |t Энергия молодых - экономике России  |l Energy of Youth for Russian Economy  |o сборник научных трудов XIII Международной научно-практической конференции студентов и молодых ученых, г. Томск, 16-19 апреля 2012 г.  |o в 2 ч.  |f Национальный исследовательский Томский политехнический университет (ТПУ) ; Вольное экономическое общество России ; Международный союз экономистов (МСЭ) ; ред. коллегия В. В. Еремин ; Ю. С. Нехорошев ; Г. А. Барышева ; И. Е. Никулина ; Т. Б. Варлачева ; И. В. Кащук ; Е. Ю. Маталасова  |d 2012 
463 1 |0 (RuTPU)RU\TPU\book\258433  |t Ч. 2  |v [С. 94-95]  |d 2012 
610 1 |a труды учёных ТПУ 
610 1 |a электронный ресурс 
610 1 |a налоговое планирование 
610 1 |a финансовый менеджмент 
610 1 |a налоговый менеджмент 
700 1 |a Ковальчук  |b Т. В. 
702 1 |a Спицын  |b В. В.  |c экономист  |c доцент Томского политехнического университета, кандидат экономических наук  |f 1976-  |g Владислав Владимирович  |2 stltpush  |3 (RuTPU)RU\TPU\pers\22756  |4 727 
801 2 |a RU  |b 63413507  |c 20130529  |g RCR 
856 4 |u http://www.lib.tpu.ru/fulltext/c/2012/C23/V2/038.pdf 
942 |c CF